Comunicación de la comisión: los servicios de interés general en Europa

Salvato in:
Dettagli Bibliografici
Ente Autore: Comisión Europea (Autore)
Natura: Libro
Lingua:spagnolo
Pubblicazione: Luxemburgo Oficina de Publicaciones Oficiales de las Comunidades Europeas 1996
Soggetti:
Tags: Aggiungi Tag
Nessun Tag, puoi essere il primo ad aggiungerne!!

MARC

LEADER 00000nam a2200000 a 4500
001 UCT5617
003 CL-VaPUC
008 961216e19960000LU |||||||||||||||||spa|d
082 0 4 |a 337.142  |b COM  |2 21 
110 2 |a Comisión Europea  |e author  |9 375207 
245 1 0 |a Comunicación de la comisión: los servicios de interés general en Europa 
300 |a 22 p 
942 |c BK 
945 |d 19961216 00:00:00  |a nastorga 
260 |a Luxemburgo  |b Oficina de Publicaciones Oficiales de las Comunidades Europeas  |c 1996 
600 0 7 |a COMUNIDAD EUROPEA  |2 CL-VaPUC  |9 375208 
600 0 7 |a UNION EUROPEA  |2 CL-VaPUC  |9 320734 
650 0 |a Comunicación   |9 257251 
650 0 |a Sociedad  |9 307903 
650 7 |a SERVICIOS  |2 CL-VaPUC  |9 333888 
650 7 |a CIUDADANOS  |2 CL-VaPUC  |9 375209 
650 0 |a Mercado  |9 321497 
650 0 |a Solidaridad  |9 259208 
650 7 |a FLEXIBILIDAD  |2 CL-VaPUC  |9 375210 
650 7 |a DINAMISMO  |2 CL-VaPUC  |9 375211 
650 0 |a Telecomunicaciones   |9 257195 
650 7 |a CORREOS  |2 CL-VaPUC  |9 375212 
650 7 |a TRANSPORTE  |2 CL-VaPUC  |9 256365 
650 0 |a Electricidad  |9 260222 
650 0 |a Radio  |9 260680 
650 0 |a Televisión  |9 256845 
583 |a last modification  |c 19961216 00:00:00  |k Rodrigo Vera 
999 |c 254511  |d 254509 
952 |0 0  |1 0  |4 0  |6 337_142000000000000_COM_1996  |7 0  |8 A  |9 276222  |a BIBENE  |b BIBENE  |d 2019-11-19  |i 3260003  |o 337.142 COM 1996  |p 3260003  |r 2025-01-15  |w 2019-11-19  |y BK  |k ICO